| 000 | 01080nam a22002537a 4500 | ||
|---|---|---|---|
| 005 | 20120112143825.0 | ||
| 008 | 120112t xxu||||| |||| 00| 0 mar d | ||
| 010 | _aMAR-22187 | ||
| 020 | _c150.00 | ||
| 035 | _aMR-14845 | ||
| 037 | _bDBAD/PUB | ||
| 040 |
_aDPL _bMR |
||
| 082 | _a891.46301 | ||
| 100 |
_939079 _aगायकवाड, आनंद |
||
| 245 |
_aनिळी माणसं / _cआनंद गायकवाड |
||
| 246 |
_aNilee Mansa _bby Anand Gaikwad |
||
| 260 |
_aयवतमाळ _bआंबेडकरी साहित्य व कला अकादमी _c2012 |
||
| 270 |
_aपाटीपुरा _bयवतमाळ _e445001 |
||
| 300 |
_a79पृ _c22सेमी(अजिल्द) |
||
| 650 |
_aमराठी कथासंग्रह _948073 |
||
| 650 |
_aMarathi Short Stories _948074 |
||
| 942 |
_2ddc _cMR _mगायक _h891.46301 |
||
| 999 |
_c67269 _d67269 |
||